000 00322nam a2200133Ia 4500
005 20251222144731.0
008 251222s9999||||xx |||||||||||||| ||spa||
020 _a84-500-6150-4
082 _a868.48/G24
100 _aGarcía Saez, Santiago
245 0 _aMontengón:
264 _bUniversidad de Alicante
942 _cLIB
999 _c18590
_d18590